| 000 | 00679nam a22002057a 4500 | ||
|---|---|---|---|
| 999 |
_c21929 _d21929 |
||
| 003 | AR-CdUCM | ||
| 008 | 190305b ||||| |||| 00| 0 spa d | ||
| 020 | _a9786124433092 | ||
| 040 |
_aMUNICIPALIDAD PROVINCIAL DEL CUSCO _cBIBLIOTECA MUNICIPAL DEL CUSCO |
||
| 082 |
_a869.56/B22 _bB22 |
||
| 100 |
_aBernaola Rivas, Rony _944490 |
||
| 245 |
_aA qué sabe : _bhistorias de amor, pasión, engaño y otros placeres / _cRony Bernaola Rivas |
||
| 260 |
_aCusco ; _bgato viejo, _c2019. |
||
| 300 |
_a61 Páginas. : _c21 cm. |
||
| 650 |
_aLiteratura cusqueña _944489 |
||
| 650 |
_aNarradores cusqueños _931142 |
||
| 650 |
_aSiglo XXI _946891 |
||
| 942 |
_2ddc _cLIBROS |
||
| 945 | _aRoel | ||